Intellectual property law for engineers and scientists
Αποθηκεύτηκε σε:
| Κύριος συγγραφέας: | |
|---|---|
| Μορφή: | Βιβλίο |
| Γλώσσα: | English |
| Δημοσίευση: |
Hoboken, NJ :
Wiley Interscience,
c2004
|
| Θέματα: | |
| Ετικέτες: |
Προσθήκη ετικέτας
Δεν υπάρχουν, Καταχωρήστε ετικέτα πρώτοι!
|
MARC
| LEADER | 00000nam a2200000 i 4500 | ||
|---|---|---|---|
| 001 | 1/88921 | ||
| 008 | 080617s2004 eng d | ||
| 020 | |a 0-471-44998-9 | ||
| 035 | |l 10098229 | ||
| 040 | |a GR-MY-UA |b gre |e aacr | ||
| 041 | 0 | |a eng | |
| 082 | 0 | |a 349.73 |2 (22) | |
| 100 | 1 | |a Rockman, Howard B. | |
| 245 | 1 | 0 | |a Intellectual property law for engineers and scientists / |c Howard B. Rockman |
| 260 | |a Hoboken, NJ : |b Wiley Interscience, |c c2004 | ||
| 300 | |a xxviii, 511 σ.; |b εικ.; |c 26 εκ. | ||
| 500 | |a IEEE Antennas and Propagation Society, sponsor | ||
| 504 | |a Βιβλιογραφία: σ. 475-493. Ευρετήριο | ||
| 650 | 0 | 0 | |a Intellectual property |z United States. |
| 852 | |a INST |b SYROS |e 20080617 |h 349.73 ROC |p 005500005801 |q 005500005801 |t BK |y 0 | ||
| 901 | |a BIBL5-2008-2 | ||
| 909 | |a Ε |b 151264 | ||
| 922 | |a 5ΕΛΗ |b 200803 |c ΕΠΕΑΕΚ2/ΤΜΣΠΣ |d ΠΑΠΑΣΩΤΗΡΙΟΥ | ||
| 970 | |a ΚΟΝΤΟΥ |b ΠΑΡΑΣΚΕΥΗ |z 2008/06/17 | ||